02649cam a2200385 i 450000100190000000500170001900800410003601000150007702000180009203500220011003500240013204000730015604100080022904100080023704200080024505000260025310000360027924000330031524501360034825000300048426000440051430000440055850400510060250502270065352010250088054600440190565000530194965000290200265000300203165000450206170000370210694200080214395200970215199900150224899110740514530619620250703144746.0240422t20242024enka g b 001 0 eng d a2024016823 a9781804294383 a(OCoLC)1433994333 a(OCoLC)on1433994333 aDLCbengerdacDLCdBDXdOCLCOdGO6dOCLCOdYDXdCLEdOCLCOdCaOTSTM1 aeng1 hfre apcc 4aHC79.I55bD87413 2024 aDurand, Cédriceauthor92567110aTechnoféodalisme.lEnglish10aHow silicon valley unleashed techno-feudalism :bthe making of the digital economy /cCédric Durand ; translated by David Broder. aEnglish-language edition. aLondon ;aBrooklyn, NY :bVerso,c2024. aix, 230 pages :billustrations ;c22 cm aIncludes bibliographical references and index.0 a1. The Poverty of the Californian Ideology — 2. On Digital Domination — 3. The Rentier Class of the Intangible World — 4. The ‘Techno-Feudal’ Hypothesis — Conclusion : Fortunes and Misfortunes of Socialisation. aThe rise of the IT industry in the nineties promised a new era of freedom and prosperity. It didn’t deliver. Certainly, algorithms are everywhere, but capitalism is no more civilised than ever. In fact, in the hands of private corporations, the digitalisation of the world drives us towards a darker future. The return of monopolies, the dominance of a few platforms, the blurred distinction between the economic and the political all epitomise a systemic mutation. Information and data networks push the digital economy in the direction of the feudal logic of rent, dispossession, and personal domination. How Silicon Valley Unleashed Techno-feudalism offers a fresh genealogy of the Silicon Valley consensus and its contradictions. It disentangles the principles of an emerging systemwide rationale. Large firms compete in cyberspace to gain control over data, and ordinary people are increasingly at the mercy of tech giants. In this new economic order, capital is moving away from production to focus on predation. aIn English, translated from the French. 0aInformation technology xEconomic aspects912278 0aKnowledge economy925672 0aElectronic commerce91263 0aCapitalismxHistoryy21st century925673 aBroder, Davidetranslator925674 2lcc 00102ddc4070aTBSbTBSd2025-07-03l0oHC79.I55 DURpB07584r2025-07-03t1w2025-07-03y1 c4825d4825